000
00255nam a2200109Ia 4500
008
201217s9999 xx 000 0 und d
100
_a
Kozyrev, Yu
245
0
_a
Industrial Robots Handbook
260
_a
Moscow
_b
Mir Publishers
300
_a
351
942
_c
BK
999
_c
7142
_d
7142